| 000 | 00727nam 22001933 4500 | ||
|---|---|---|---|
| 001 | 199687 | ||
| 010 | _a978-972-31-1178-1 | ||
| 090 | _a199687 | ||
| 100 | _a20251222d u||y0pory50 ba | ||
| 200 |
_aA sociedade da informação e o estado-providência _eo modelo finlandês _fManuel Castells, Pekka Himanen _gtradução de Tânia de Morais Soares; Coordenação de Gustavo Leitão Cardoso |
||
| 210 |
_aLisboa _cFundação Calouste Gulbenkian, Serviço de Educação e Bolsas _d2007 |
||
| 215 |
_a287 p. _cbrochado _d19 cm |
||
| 606 |
_91246 _aPolítica |
||
| 675 |
_a32 _vPT _zpor |
||
| 700 |
_910394 _aCastells _bManuel _f1942 - |
||
| 701 |
_915485 _aHimanen _bPekka |
||
| 801 |
_aPT _bBMMN _gRPC |
||
| 830 |
_cFernando _fFernando |
||
| 990 | _cLIVROS | ||